书目信息 |
| 题名: |
条理性思维
|
|
| 作者: | 尼兰 , 史蒂夫·尼兰 著 ;何玮鹏 , 陈燕 译 | |
| 分册: | ||
| 出版信息: | 北京 机械工业出版社 2001.06 |
|
| 页数: | 196页 | |
| 开本: | 32开 | |
| 丛书名: | ||
| 单 册: | ||
| 中图分类: | C934 | |
| 科图分类: | ||
| 主题词: | 决策--方法 | |
| 电子资源: | ||
| ISBN: | 7-111-09024-1 | |
| 000 | 00915nam0 2200241 45 | |
| 001 | 0211260923 | |
| 005 | 20031219104101.4 | |
| 010 | @a7-111-09024-1@dCNY17.00 | |
| 100 | @a20021126d2001 km y0chiy0120 ea | |
| 101 | 0 | @achi@ceng |
| 105 | @a z 000yy | |
| 200 | 1 | @a条理性思维@ATiao Li Xing Si Wei@e对管理者解决问题和决策的系统指导@EDui Guan Li Zhe Jie Jue Wen Ti He Jue Ce De Xi Tong Zhi Dao@f(英)史蒂夫·尼兰(Kneeland,S.)著@F(Ying)Shi Di Fu·Ni Lan(Kneeland,S.)Zhu@g何玮鹏,陈燕译 |
| 210 | @a北京@c机械工业出版社@d2001.06 | |
| 215 | @a196页@d32开 | |
| 517 | @a对管理者解决问题和决策的系统指导@ADui Guan Li Zhe Jie Jue Wen Ti He Jue Ce De Xi Tong Zhi Dao | |
| 606 | 0 | @a决策@x方法 |
| 690 | @aC934@v4 | |
| 701 | @a尼兰@4著 | |
| 701 | 0 | @a史蒂夫·尼兰@bKneeland,S.@4著 |
| 702 | 0 | @a何玮鹏@AHe Wei Peng@4译 |
| 702 | 0 | @a陈燕@AChen Yan@4译 |
| 801 | @aCN@bTSTC@c20021126 | |
| 905 | @b318021-023@dC934@f3@e117 | |
| 条理性思维:对管理者解决问题和决策的系统指导/(英)史蒂夫·尼兰(Kneeland,S.)著/何玮鹏,陈燕译.-北京:机械工业出版社,2001.06 |
| 196页;32开 |
| ISBN 7-111-09024-1:CNY17.00 |
| ● |
| 相关链接 |
|
|
|
|
正题名:条理性思维
索取号:C934/117
 
预约/预借
| 序号 | 登录号 | 条形码 | 馆藏地/架位号 | 状态 | 备注 |
| 1 | 0318021 | 203180217 | 第一借阅区/ [索取号:C934/117] | 在馆 | |
| 2 | 0318022 | 203180226 | 第一借阅区/ [索取号:C934/117] | 在馆 | |
| 3 | 0318023 | 203180235 | 第一样本阅览室/ [索取号:C934/117] | 在馆 |